Viaczdrojové zabezpečenie dôchodku

Kúpa podielu v realitnom fonde prostredníctvom správcovských spoločností. Osobitosti trhu nehnuteľností. Kurzové a úrokové diferenciály. Finančná nezávislosť. Bezpečnosť podnikania cez realitné fondy.

Salvato in:
Dettagli Bibliografici
Autore principale: Hölcz, Róbert
Natura: Capitolo di libro
Lingua:slovacco
Soggetti:
Tags: Aggiungi Tag
Nessun Tag, puoi essere il primo ad aggiungerne!!

MARC

LEADER 00000naa$a2200000$$$4500
001 0060024
005 20231006122056.2
041 0 |a slo 
044 |a SK 
245 1 0 |a Viaczdrojové zabezpečenie dôchodku  |c Róbert Hölcz 
520 |a Kúpa podielu v realitnom fonde prostredníctvom správcovských spoločností. Osobitosti trhu nehnuteľností. Kurzové a úrokové diferenciály. Finančná nezávislosť. Bezpečnosť podnikania cez realitné fondy. 
610 2 0 |a nehnuteľnosti 
610 2 0 |a trh 
610 2 0 |a aktíva 
610 2 0 |a vek 
610 2 0 |a dôchodky 
100 1 |a Hölcz, Róbert